Уехал славный рыцарь мой: фантастические повести

Dades bibliogràfiques
Autor principal: Дяченко М. Марина
Altres autors: Дяченко С. Сергей
Sumari:Прекрасная Дама в замке ждет рыцаря, отправившегося совершать подвиги. Крысолов с флейтой стоит перед Горелой Башней, где живут призраки. Мальчишка в заброшенном пансионате живет под опекой мудрого зомби. Владыка электричества терроризирует испуганный город. Дух театра и молодой режиссер вступают в непримиримую схватку. Эмма живет здесь и сейчас, Сфинкс живет всегда. Эксперимент в зоопарке заканчивается внезапной эволюцией его обитателей: «Вам нравятся разумные крокодилы?» Высокоразвитый социум овец тщетно борется с трагической реальностью: «И волки сыты...» Непредсказуем Хозяин Колодцев; процветает бизнес торговли русалками... Этот уникальный сборник составили повести Марины и Сергея Дяченко, истинных мастеров жанра, — вечные сюжеты, поданные в неожиданной интерпретации, открывают новые грани традиции.
Idioma:rus
Publicat: Москва, Эксмо, 2012
Col·lecció:Легенды
Matèries:
Format: MixedMaterials Llibre
KOHA link:https://koha.lib.tpu.ru/cgi-bin/koha/opac-detail.pl?biblionumber=236546

MARC

LEADER 00000nam0a2200000 4500
001 236546
005 20231031204719.0
010 |a 9785699549054 
035 |a (RuTPU)RU\TPU\book\257712 
090 |a 236546 
100 |a 20130425d2012 m y0rusy50 ca 
101 0 |a rus 
102 |a RU 
105 |a y z 000ay 
200 1 |a Уехал славный рыцарь мой  |e фантастические повести  |f М. Дяченко, С. Дяченко 
210 |a Москва  |c Эксмо  |d 2012 
215 |a 960 с. 
225 1 |a Легенды 
330 |a Прекрасная Дама в замке ждет рыцаря, отправившегося совершать подвиги. Крысолов с флейтой стоит перед Горелой Башней, где живут призраки. Мальчишка в заброшенном пансионате живет под опекой мудрого зомби. Владыка электричества терроризирует испуганный город. Дух театра и молодой режиссер вступают в непримиримую схватку. Эмма живет здесь и сейчас, Сфинкс живет всегда. Эксперимент в зоопарке заканчивается внезапной эволюцией его обитателей: «Вам нравятся разумные крокодилы?» Высокоразвитый социум овец тщетно борется с трагической реальностью: «И волки сыты...» Непредсказуем Хозяин Колодцев; процветает бизнес торговли русалками... Этот уникальный сборник составили повести Марины и Сергея Дяченко, истинных мастеров жанра, — вечные сюжеты, поданные в неожиданной интерпретации, открывают новые грани традиции. 
606 1 |a Русская литература   |2 stltpush  |3 (RuTPU)RU\TPU\subj\26373 
610 1 |a фантастика 
610 1 |a фэнтези 
610 1 |a повести 
675 |a Р2  |v 3 
700 1 |a Дяченко  |b М.  |g Марина 
701 1 |a Дяченко  |b С.  |g Сергей 
801 1 |a RU  |b 63413507  |c 20130425 
801 2 |a RU  |b 63413507  |c 20130515  |g RCR 
942 |c BK